<?xml version="1.0" encoding="UTF-8"?>
<collection xmlns="http://www.loc.gov/MARC21/slim">
<record>
  <controlfield tag="001">168087</controlfield>
  <controlfield tag="005">20260126155509.0</controlfield>
  <datafield tag="024" ind1="7" ind2=" ">
    <subfield code="2">doi</subfield>
    <subfield code="a">10.1002/jsfa</subfield>
  </datafield>
  <datafield tag="024" ind1="8" ind2=" ">
    <subfield code="2">sideral</subfield>
    <subfield code="a">54811</subfield>
  </datafield>
  <datafield tag="037" ind1=" " ind2=" ">
    <subfield code="a">ART-2004-54811</subfield>
  </datafield>
  <datafield tag="041" ind1=" " ind2=" ">
    <subfield code="a">eng</subfield>
  </datafield>
  <datafield tag="100" ind1=" " ind2=" ">
    <subfield code="a">Remon, S.</subfield>
    <subfield code="u">Universidad de Zaragoza</subfield>
    <subfield code="0">(orcid)0000-0002-2147-9263</subfield>
  </datafield>
  <datafield tag="245" ind1=" " ind2=" ">
    <subfield code="a">Atmosphere Composition Effects on Burlat Cherry Colour During Cold Storage</subfield>
  </datafield>
  <datafield tag="260" ind1=" " ind2=" ">
    <subfield code="c">2004</subfield>
  </datafield>
  <datafield tag="520" ind1="3" ind2=" ">
    <subfield code="a">BACKGROUND
Phytochemicals have long been utilized as active ingredients in the developing of novel functional foods or drugs due to their diverse biological and pharmacological effects. Many studies have demonstrated that polyphenols exhibit low absorption rates and are extensively metabolized into various metabolites, resulting in significantly reduced bioavailability.

RESULTS
Puerarin and diosmin exhibited the highest transport from the apical (AP) to basolateral (BL) direction, while diosmin and silybin showed the highest BL to AP transport. Most polyphenols demonstrated well-absorbed characteristics based on their apparent permeability coefficients (Papp), except for flavokawain A, phloretin, chrysin and dicoumarol, which displayed incomplete bidirectional absorption. Hesperetin exhibited a notable efflux ratio (ER) of 5.45, suggesting increased efflux compared to other compounds. A strong positive correlation was observed for Papp in both directions (Pearson correlation coefficient (PCC) = 0.53, P &lt; 0.001), with a moderate correlation between ER and Papp(BL→AP) (PCC = 0.49, P &lt; 0.001). Principal component analysis highlighted Papp(BL→AP) as the most influential indicator for polyphenol permeability, explaining a relatively wide portion of the data variance. Polyphenol compounds with a higher number of functional groups, such as –OH and –CH3, exhibited enhanced absorption due to increased binding affinity with intestinal cells and interactions with intracellular proteins.

CONCLUSION
These findings offer valuable insights for expressing polyphenol permeability via Caco-2 cells and may contribute to strategies aimed at enhancing the biological activities of polyphenols. © 2025 The Author(s). Journal of the Science of Food and Agriculture published by John Wiley &amp; Sons Ltd on behalf of Society of Chemical Industry.</subfield>
  </datafield>
  <datafield tag="506" ind1="0" ind2=" ">
    <subfield code="a">Access copy available to the general public</subfield>
    <subfield code="f">Unrestricted</subfield>
  </datafield>
  <datafield tag="540" ind1=" " ind2=" ">
    <subfield code="9">info:eu-repo/semantics/openAccess</subfield>
    <subfield code="a">by-nc</subfield>
    <subfield code="u">https://creativecommons.org/licenses/by-nc/4.0/deed.es</subfield>
  </datafield>
  <datafield tag="590" ind1=" " ind2=" ">
    <subfield code="a">0.871</subfield>
    <subfield code="b">2004</subfield>
  </datafield>
  <datafield tag="591" ind1=" " ind2=" ">
    <subfield code="a">AGRICULTURE, MULTIDISCIPLINARY</subfield>
    <subfield code="b">4 / 28 = 0.143</subfield>
    <subfield code="c">2004</subfield>
    <subfield code="d">Q1</subfield>
    <subfield code="e">T1</subfield>
  </datafield>
  <datafield tag="591" ind1=" " ind2=" ">
    <subfield code="a">CHEMISTRY, APPLIED</subfield>
    <subfield code="b">26 / 56 = 0.464</subfield>
    <subfield code="c">2004</subfield>
    <subfield code="d">Q2</subfield>
    <subfield code="e">T2</subfield>
  </datafield>
  <datafield tag="591" ind1=" " ind2=" ">
    <subfield code="a">FOOD SCIENCE &amp; TECHNOLOGY</subfield>
    <subfield code="b">37 / 93 = 0.398</subfield>
    <subfield code="c">2004</subfield>
    <subfield code="d">Q2</subfield>
    <subfield code="e">T2</subfield>
  </datafield>
  <datafield tag="655" ind1=" " ind2="4">
    <subfield code="a">info:eu-repo/semantics/article</subfield>
    <subfield code="v">info:eu-repo/semantics/publishedVersion</subfield>
  </datafield>
  <datafield tag="700" ind1=" " ind2=" ">
    <subfield code="a">Ferrer, A.</subfield>
    <subfield code="u">Universidad de Zaragoza</subfield>
    <subfield code="0">(orcid)0000-0001-5765-2972</subfield>
  </datafield>
  <datafield tag="700" ind1=" " ind2=" ">
    <subfield code="a">Lopez Buesa, P.</subfield>
    <subfield code="u">Universidad de Zaragoza</subfield>
    <subfield code="0">(orcid)0000-0001-5992-2913</subfield>
  </datafield>
  <datafield tag="700" ind1=" " ind2=" ">
    <subfield code="a">Oria, R.</subfield>
    <subfield code="u">Universidad de Zaragoza</subfield>
    <subfield code="0">(orcid)0000-0001-8836-1983</subfield>
  </datafield>
  <datafield tag="710" ind1="2" ind2=" ">
    <subfield code="1">2008</subfield>
    <subfield code="2">780</subfield>
    <subfield code="a">Universidad de Zaragoza</subfield>
    <subfield code="b">Dpto. Produc.Animal Cienc.Ali.</subfield>
    <subfield code="c">Área Tecnología de Alimentos</subfield>
  </datafield>
  <datafield tag="773" ind1=" " ind2=" ">
    <subfield code="g">84, 2 (2004), 140-146</subfield>
    <subfield code="p">J. Sci. Food Agric.</subfield>
    <subfield code="t">Journal of the science of food and agriculture</subfield>
    <subfield code="x">0022-5142</subfield>
  </datafield>
  <datafield tag="856" ind1="4" ind2=" ">
    <subfield code="s">1360333</subfield>
    <subfield code="u">http://zaguan.unizar.es/record/168087/files/texto_completo.pdf</subfield>
    <subfield code="y">Versión publicada</subfield>
  </datafield>
  <datafield tag="856" ind1="4" ind2=" ">
    <subfield code="s">2651728</subfield>
    <subfield code="u">http://zaguan.unizar.es/record/168087/files/texto_completo.jpg?subformat=icon</subfield>
    <subfield code="x">icon</subfield>
    <subfield code="y">Versión publicada</subfield>
  </datafield>
  <datafield tag="909" ind1="C" ind2="O">
    <subfield code="o">oai:zaguan.unizar.es:168087</subfield>
    <subfield code="p">articulos</subfield>
    <subfield code="p">driver</subfield>
  </datafield>
  <datafield tag="951" ind1=" " ind2=" ">
    <subfield code="a">2026-01-26-14:50:11</subfield>
  </datafield>
  <datafield tag="980" ind1=" " ind2=" ">
    <subfield code="a">ARTICLE</subfield>
  </datafield>
</record>
</collection>